000
00301nam a2200121Ia 4500
008
241002s9999 xx 000 0 und d
082
_a
297.87 TRI
100
_a
Trimingham, J. Speneer
245
4
_a
The Influence of Islam Upon Africa
260
_a
London:
_c
1968
600
_a
Literature
942
_c
UC
999
_c
18349
_d
18349